ბათუმის შოთა რუსთაველის სახელმწიფო უნივერსიტეტის ბიბლიოთეკა

Regime shift : (ბიბ.ჩანაწერი № 63952)

000 -ლიდერი
ფიქსირებული სიგრძის საკონტროლო ველი 00912nam a22002297a 4500
003 - საკონტროლო ნომრის იდენტიფიკატორი
საკონტროლო ველი Ge_BSU
005 - ბოლო ოპერაციის თარიღი და დრო
საკონტროლო ველი 20260226160032.0
008 - ფიქსირებული სიგრძის მონაცემთა ელემენტები - ზოგადი ინფორმაცია
ფიქსირებული სიგრძის საკონტროლო ველი 260226s1998 eng||||| |||| 00| 0 eng d
020 ## - წიგნის საერთაშორისო სტანდარტული ნომერი
International Standard Book Number 9780801485299x
041 ## - ენის კოდი
Language code of text/sound track or separate title geo
080 ## - უნივერსალური ათობითი კლასიფიკაციის ინდექსი
Universal Decimal Classification number 338(09)](520) P-40
100 ## - მთავარი ჩანაწერი - პიროვნების სახელი
Personal name Pempel, T. J.
9 (RLIN) 26995
245 ## - ცნობა სათაურის შესახებ
Title Regime shift :
Remainder of title comparative dynamics of the Japanese political economy /
Statement of responsibility, etc T. J. Pempel.
264 ## - წარმოების, გამოცემის, დისტრიბუციის და სხვა ცნობები
გამოცემის, წარმოების, დისტრიბუციის... ადგილი London :
გამოცემის, წარმოების, დისტრიბუციის... სახელწოდება Cornell Univ. press,
გამოცემის, წარმოების, დისტრიბუციის... თარიღი 1998.
300 ## - ფიზიკური აღწერა
Extent 263 p. ;
Other physical details 24 cm.
490 ## - სერიის ცნობა
Series statement Cornell studies in political economy
500 ## - ზოგადი შენიშვნა
General note Bibliogr. notes: p. 221-256.
653 ## - INDEX TERM--UNCONTROLLED
Uncontrolled term იაპონიის ეკონომიკური პოლიტიკა
653 ## - INDEX TERM--UNCONTROLLED
Uncontrolled term იაპონიის ეკონომიკური მდგომარეობა
653 ## - INDEX TERM--UNCONTROLLED
Uncontrolled term იაპონიის ეკონომიკის ისტორია
942 ## - ADDED ENTRY ELEMENTS (KOHA)
Source of classification or shelving scheme
Koha item type წიგნი
ეგზემპლარები
ჩამოწერის სტატუსი დაკარგული ეგზემპლარის სტატუსი კლასიფიკაციის წყარო ან თაროზე გაწყობის სქემა დაზიანების სტატუსი არ გაიცემა მუდმივი მდებარეობა (დაცვის ადგილი) ამჟამინდელი ადგილსამყოფელი თაროზე განთავსების ადგილი შეძენის თარიღი ღირებულება, შესყიდვის ნორმალური ფასი სრული შენახვის შიფრი შტრიხკოდი ბოლო ოპერაციის თარიღი ეგზემპლარის მიმდევრობითი ნომერი (კეტერი?) Uniform Resource Identifier ფასის ძალაში შესვლის თარიღი ეგზემპლარის სახეობა საჯარო შენიშვნა
          ბათუმის შოთა რუსთაველის სახელმწიფო უნივერსიტეტის მთავარი ბიბლიოთეკა ბათუმის შოთა რუსთაველის სახელმწიფო უნივერსიტეტის მთავარი ბიბლიოთეკა წიგნსაცავი 2026-02-26 12.00 338(09)](520) P-40 73844 2026-02-26 73844 იაპონიის ელჩის საჩუქარი 2026-02-26 წიგნი 12 ლ.